Statistics for Musical Acts by Letter - Z

Click here to take the quiz!

General Stats

  • This quiz has been taken 355 times
  • The average score is 2 of 8

Answer Stats

SongMusical Act% Correct
PILLOWTALK / Dusk Till DawnZayn
70%
Sharp Dressed Man / La GrangeZZ Top
63%
Stay / The MiddleZedd
36%
Time of the Season / Tell Her NoZombies
25%
Valerie / ConfusionZutons
18%
Turn Your Head / Hey PinkyZoot
7%
Baila / Wonderful LifeZucchero
5%
Bitter Heart / Concrete WallZee Avi
3%

Score Distribution

Percentile by Number Answered

Percent of People with Each Score

Your Score History

You have not taken this quiz